Statystyki dla Najpopularniejsze Zwierzęta w różnych Okresach

Kliknij tutaj aby rozwiązać quiz!

Ogólne statystyki

  • Ten quiz został rozwiązany 17 razy
  • Średni wynik to 4 z 13

Statystyki odpowiedzi

OkresZwierzę% Poprawnych
KredaTyranozaur
71%
CzwartorzędCzłowiek
64%
NeogenMamut
57%
KambrTrylobit
36%
OrdowikTrylobit
36%
SylurTrylobit
36%
JuraStegozaur
29%
PermDimetrodon
21%
KarbonMeganeura
21%
EdiakarDickinsonia
14%
DewonDunkleosteus
14%
TriasPostozuch
14%
PaleogenTitanoboa
0%

Rozkład punktacji

Percentyl według liczby udzielonych odpowiedzi

Procent ludzi z każdym wynikiem

Twoja historia wyników

Nie rozwiązałeś tego quizu